Inovačné procesy v cestovnom ruchu a ich vplyv na zvýšenie návštevnosti

Destinácia cestovného ruchu a destinačný manažment. Inovačné procesy v cestovnom ruchu a manažment návštevnosti. Príklad uplatnenia inovačných procesov v cestovnom ruchu v praxi.

Gespeichert in:
Bibliographische Detailangaben
1. Verfasser: Mišúnová, Ema
Weitere Verfasser: Mišúnová Hudáková, Ivana, 1976-
Format: Buchkapitel
Sprache:Slowakisch
Schlagworte:
Tags: Tag hinzufügen
Keine Tags, Fügen Sie das erste Tag hinzu!

MARC

LEADER 00000naa$a2200000$$$4500
001 0161543
005 20240502083359.1
041 0 |a slo 
044 |a CZ 
245 1 0 |a Inovačné procesy v cestovnom ruchu a ich vplyv na zvýšenie návštevnosti  |c Ema Mišúnová, Ivana Mišúnová Hudáková 
520 |a Destinácia cestovného ruchu a destinačný manažment. Inovačné procesy v cestovnom ruchu a manažment návštevnosti. Príklad uplatnenia inovačných procesov v cestovnom ruchu v praxi. 
610 2 0 |a ruch cestovný 
610 2 0 |a ruch cestovný regionálny 
610 2 0 |a inovácia 
610 2 0 |a manažment 
610 2 0 |a hotelierstvo 
610 2 0 |a hotely 
100 1 |a Mišúnová, Ema 
700 1 |a Mišúnová Hudáková, Ivana, 1976-